Statistiken für Kader 1. FC Magdeburg

Klicken Sie hier um das Quiz zu spielen!

Allgemein

  • Dieses Quiz wurde 59 mal gespielt
  • Das Durchschnittsergebnis liegt bei 16 aus 35

Antwortstatistiken

#Spieler% Korrekt
1Dominik Reimann
97%
23Barış Atik
86%
37Tatsuya Itō
81%
10Jason Ceka
76%
7Herbert Bockhorn
70%
26Luca Schuler
70%
2Cristiano Piccini
68%
6Daniel Elfadli
68%
Christian Titz
65%
29Amara Condé
62%
16Andreas Müller
62%
11Mohammed El Hankouri
62%
5Jamie Lawrence
59%
19Leon Bell Bell
59%
9Kai Brünker
57%
3Luc Castaignos
54%
8Moritz-Broni Kwarteng
54%
30Noah Kruth
51%
15Daniel Heber
49%
13Connor Krempicki
46%
25Silas Gnaka
46%
24Alexander Bittroff
35%
28Tim Boss
35%
22Tim Sechelmann
27%
18Florian Kath
24%
12Belal Halbouni
22%
4Eldin Dzogovic
22%
20Julian Rieckmann
22%
27Malcom Cacutalua
22%
17Léo Scienza
16%
39Tom Schlitter
16%
31Maximilian Ullmann
14%
14Maximilian Franzke
11%
21Tim Stappmann
11%
33Leon Schmökel
5%

Verteilung der Resultate

Perzentil nach korrekt beantworteten Fragen

Anzahl Personen mit jedem Resultat

Ihre Resultats-Entwicklung

Sie haben dieses Quiz noch nicht gespielt